La casa comercial (Record no. 41332)

MARC details
000 -LEADER
campo de control de longitud fija 00639nam a2200169 i 4500
001 - NÚMERO DE CONTROL
campo de control 41332
003 - IDENTIFICADOR DE NÚMERO DE CONTROL
campo de control ES-MaACL
005 - FECHA Y HORA DE LA ÚLTIMA TRANSACCIÓN
campo de control 20230906160419.0
007 - CAMPO FIJO DE DESCRIPCIÓN FÍSICA--INFORMACIÓN GENERAL
campo de control de longitud fija t|
008 - DATOS DE LONGITUD FIJA--INFORMACIÓN GENERAL
campo de control de longitud fija 030310s1925 sp ||||1| spa d
245 03 - MENCIÓN DEL TÍTULO
Título La casa comercial
Resto del título : informe sobre la casa fondo o hacienda comercial, emitido con sujección al R.D. de 15 julio de 1924.
260 ## - PUBLICACIÓN, DISTRIBUCIÓN, ETC.
Lugar de publicación, distribución, etc. Barcelona :
Nombre del editor, distribuidor, etc. [s.n.,
Fecha de publicación, distribución, etc. 1925] (
Fabricante Artes Gráficas)
300 ## - DESCRIPCIÓN FÍSICA
Extensión 70 p. ;
Dimensiones 24 cm.
500 ## - NOTA GENERAL
Nota general Precede al tít.: Cámara Oficial de Comercio y Navegación.
710 2# - ENTRADA AGREGADA--NOMBRE DE ENTIDAD CORPORATIVA
Nombre de entidad corporativa o nombre de jurisdicción como elemento de entrada Cámara Oficial de Comercio, Industria y Navegación de Barcelona.
9 (RLIN) 2390
852 ## - LOCALIZACIÓN
Ubicación ES-MaACL
Número de control de estantería 1520-F-3
Sublocalización o colección R.5242
Holdings
Estatus retirado Estado de pérdida Estado de daño No para préstamo Colección Biblioteca de origen Biblioteca actual Ubicación en estantería Fecha de adquisición Fuente de adquisición Total de préstamos Signatura topográfica completa Código de barras Visto por última vez Precio de reemplazo Tipo de ítem Koha
        Colección de folletos Biblioteca del Ateneo de Madrid Biblioteca del Ateneo de Madrid Depósito folletos 17/01/2008     1520-F-3 1043512 23/02/2023 23/02/2023 Folleto